Catálogo
 En Linea

Jose Celestino Mutis : (Registro nro. 19379)

Detalles MARC
000 -CABECERA
campo de control de longitud fija 00481cam a22001577a 4500
001 - NÚMERO DE CONTROL
campo de control 000019866
005 - FECHA Y HORA DE LA ÚLTIMA TRANSACCIÓN
campo de control 20200929170153.0
008 - DATOS DE LONGITUD FIJA--INFORMACIÓN GENERAL
campo de control de longitud fija 001120s1998 ck ac 000 0 spa
020 ## - NÚMERO INTERNACIONAL ESTÁNDAR DEL LIBRO
Número Internacional Estándar del Libro 958300510X
040 ## - FUENTE DE LA CATALOGACIÓN
Centro catalogador/agencia de origen DO-SdBNP
Lengua de catalogación spa
Centro/agencia transcriptor BNPHU
082 ## - NÚMERO DE LA CLASIFICACIÓN DECIMAL DEWEY
Número de clasificación xxxx
Número de documento/Ítem E77J
100 1# - ENTRADA PRINCIPAL--NOMBRE DE PERSONA
Nombre de persona España, Gonzalo.
9 (RLIN) 42390
245 10 - MENCIÓN DE TÍTULO
Título Jose Celestino Mutis :
Resto del título el sabio de la vacuna /
Mención de responsabilidad, etc. Gonzalo Espana ; ilustraciones, Silvia Gómez.
260 ## - PUBLICACIÓN, DISTRIBUCIÓN, ETC.
Lugar de publicación, distribución, etc. Bogota :
Nombre del editor, distribuidor, etc. Colciencias,
Fecha de publicación, distribución, etc. 1998.
300 ## - DESCRIPCIÓN FÍSICA
Extensión 87 p. ;
Dimensiones 28 cm.
Existencias
Estado de retiro Estado de pérdida Restricciones de uso No para préstamo Código de colección Localización permanente Ubicación/localización actual Ubicación en estantería Fecha de adquisición Número de inventario Total de préstamos Signatura topográfica completa Código de barras Fecha visto por última vez Precio válido a partir de Tipo de ítem Koha
      Excluido de préstamo Monografías: Libros y Folletos General General En catalogación 08.07.2010 LF1   xxxx E77J 19866-10 25.06.2020 25.06.2020 No se presta

Con tecnología Koha